|
|
|
|
| LEADER |
01035nam a2200337 4500 |
| 001 |
DLU100108348 |
| 005 |
##20100528 |
| 040 |
# |
# |
|a DLU
|b vie
|
| 041 |
# |
# |
|a eng
|
| 044 |
# |
# |
|a vn
|
| 082 |
# |
# |
|a 306.089 951
|b Nhu
|
| 245 |
# |
# |
|a Những kiến thức văn hóa không thể không biết.
|n t.I /
|c Trần Thị Thanh Liêm, Nguyễn Duy Chinh biên soạn.
|
| 260 |
# |
# |
|a H. :
|b Lao động-Xã hội,
|c 2010.
|
| 300 |
# |
# |
|a 222 tr. ;
|c 21 cm.
|
| 505 |
# |
# |
|a Hồng lâu mộng -- Tam quốc chí diễn nghĩa -- Tây du ký -- Thuỷ hử -- Binh pháp tôn tử -- Liêu trai chí dị.
|
| 653 |
# |
# |
|a Văn hóa Trung Quốc
|
| 653 |
# |
# |
|a Văn hóa truyền thống
|
| 700 |
# |
# |
|a Nguyễn Duy Chinh,
|e biên soạn.
|
| 700 |
# |
# |
|a Trần Thị Thanh Liêm,
|e biên soạn.
|
| 923 |
# |
# |
|a 04/2010
|
| 990 |
# |
# |
|a t.I
|
| 991 |
# |
# |
|a SH
|
| 992 |
# |
# |
|a 36000
|
| 994 |
# |
# |
|a DLU
|
| 900 |
# |
# |
|a True
|
| 911 |
# |
# |
|a Đào Thị Thu Huyền
|
| 925 |
# |
# |
|a G
|
| 926 |
# |
# |
|a A
|
| 927 |
# |
# |
|a SH
|
| 980 |
# |
# |
|a Thư viện Trường Đại học Đà Lạt
|